Winnie the Pooh
| Format: | Book |
|---|---|
| Published: |
Australia :
Happy Times ,
1986
|
| Subjects: |
MARC
| LEADER | 00000cam a2200000 7i4500 | ||
|---|---|---|---|
| 001 | 0000003254 | ||
| 002 | 000003511 | ||
| 005 | 20000330.0 | ||
| 020 | |a 0868017094 | ||
| 090 | 0 | 0 | |a JR |b WIN |
| 245 | 0 | 0 | |a Winnie the Pooh |
| 260 | |a Australia : |b Happy Times , |c 1986 | ||
| 300 | |a 95p. ; |c 29cm. | ||
| 650 | 0 | 0 | |a Children's stories |
| 999 | |a 035664 |b BUKU |c PINJAMAN |e PERPUSTAKAAN KOMUNITI PETALING JAYA | ||